Schaums outline of theory and problems of calculus of (Record no. 241245)

MARC details
000 -LEADER
fixed length control field 01207nam a2200229 4500
005 - DATE AND TIME OF LATEST TRANSACTION
control field 20260417132458.0
008 - FIXED-LENGTH DATA ELEMENTS--GENERAL INFORMATION
fixed length control field 260415b |||||||| |||| 00| 0 eng d
020 ## - INTERNATIONAL STANDARD BOOK NUMBER
International Standard Book Number 9789389691566
040 ## - CATALOGING SOURCE
Transcribing agency AL
041 ## - LANGUAGE CODE
Language code of text/sound track or separate title eng
082 ## - DEWEY DECIMAL CLASSIFICATION NUMBER
Classification number 515.62
Item number SPIS
100 ## - MAIN ENTRY--PERSONAL NAME
Personal name Murray R Spiegel
100 ## - MAIN ENTRY--PERSONAL NAME
9 (RLIN) 262071
245 ## - TITLE STATEMENT
Title Schaums outline of theory and problems of calculus of
Remainder of title : finite differences and difference equations
260 ## - PUBLICATION, DISTRIBUTION, ETC.
Place of publication, distribution, etc. New York
Name of publisher, distributor, etc. McGraw Hill Education India Pvt Ltd
Date of publication, distribution, etc. 2020
300 ## - PHYSICAL DESCRIPTION
Extent vi,259p
Other physical details PB
Dimensions 28x21cm
365 ## - TRADE PRICE
Source of price type code Information Science and Engineering
Price type code VBI-2645
Price amount ₹543.75
Currency code
Unit of pricing ₹725.00
Price note 25%
Price effective from 20-02-2026
440 ## - SERIES STATEMENT/ADDED ENTRY--TITLE
Title Schaums outline series
9 (RLIN) 262072
520 ## - SUMMARY, ETC.
Summary, etc. This powerful study tool covers difference calculus, sum calculus, difference equations and more With many examples of their applications. Ideal for solo study or as a supplement to a course, it clearly explains principles and theorems and gives definitions, then takes students through problems and their step-by-step solutions. This provides firm footing and excellent preparation for real-life problems and school examinations.
650 ## - SUBJECT ADDED ENTRY--TOPICAL TERM
Topical term or geographic name entry element Sum Calculus
9 (RLIN) 261651
650 ## - SUBJECT ADDED ENTRY--TOPICAL TERM
Topical term or geographic name entry element Difference Equations
9 (RLIN) 261652
942 ## - ADDED ENTRY ELEMENTS (KOHA)
Source of classification or shelving scheme Dewey Decimal Classification
Koha item type Book
Holdings
Withdrawn status Lost status Source of classification or shelving scheme Damaged status Not for loan Collection code Home library Current library Date acquired Source of acquisition Cost, normal purchase price Total Checkouts Full call number Barcode Date last seen Cost, replacement price Price effective from Koha item type
    Dewey Decimal Classification     Information Science and Engineering St Aloysius Engineering Library St Aloysius Engineering Library 04/11/2026 Vidyarthi books 543.75   515.62 SPIS SE000522 04/15/2026 725.00 02/20/2026 Book